000 00653nam a22002297a 4500
003 UA-OsUOA
001 41540
007 ta
008 20080919b un ||||| |||| 00| 0 ukr d
100 _aА.В.
090 _a27(477)
_bА11
942 _cBK
040 _aUA-OsUOA
_bukr
_cUA-OsUOA
_dUA-OsUOA
245 _aБольшевицький церковний собор у Львові 1946 року.
300 _a64 с.
955 _a4
041 _aukr
080 _a27(477)
260 _b"Слово доброго пастиря"
_c1952
650 7 _a27 Загальна історія Християнської церкви
_2UDC
999 _c440040
_d440040